00830nam a2200241Ia 4500001000600000003000900006008004100015040001300056040001300069041001300082100002200095100002800117245006600145245003800211250001100249260001200260260001500272260004900287300005700336500013700393650002700530650003100557G5201IT-RoPAU130308s9999 xx 000 0 und d aIT-RoPAU cIT-RoPAU aITALIANO aCanevacci Massimo gCodice Aut. SPICS: 504 aCodici exterminati verso possibili panorami techno-sincretici bCinema Europeo del metissage (Il) a1a ed. aFIRENZE bIl Castoro c2000 [1° Ed.:2000 - Ed.Ling.Originale:2000] a"12 p. (prefazione: no ; testo: 12 [pagine: 31-42])" aRoots Vs Routes. Quilombo. Marronizzazione. Ibrido. Antropofagie. Acculturazioni Pidgin. Diaspora. Società multiculturale Europea. aGENERI CINEMATOGRAFICI eCodice materia Spics: 6810